00487nam a2200169 a 4500001000400000003000900004008004100013040002800054082001900082100003100101245001400132260004400146300001400190490001600204500007700220650002000297711CO-ViMGA141112s2004 ck r 000 u spa d aCO-ViMGAbspacCO-ViMGA04aMe 863.2 A571c1 aAltamixana, Ignacio Manuel10aClemencia aSantafé de Bogotá : bNorma, c1995 a203, 55 p aCara y cruz aEncuadernado con A propósito de Ignacio Manuel Altamirano y su obra. 14aNOVELA MEXICANA